000 00918nam a2200265 a 4500
003 MX-MxUPN
005 20251210064031.0
007 cr
008 991125s1979 mx om | 00 0 spa d
035 _aUPN01000007260
040 _aMX-MxUPN
_bspa
_cMX-MxUPN
041 0 _aspa
050 1 4 _aLB3061
100 1 _aTrejo Vásquez, José Margarito
_949230
245 1 0 _aCausas de la reprobación en la escuela primaria
_h[recurso electrónico en línea]
260 _aTlaxcala,
_c1979.
300 _a1 recurso en línea (51 hojas) :
_bPDF.
502 _aInvestigación documental (Lic. en Educación Primaria) -- Dirección General de Capacitación y Mejoramiento Profesional del Magisterio, 1979.
506 0 _aAcceso abierto.
650 4 _aFracaso escolar
_94966
650 4 _aEducación primaria
_91552
856 4 0 _uhttp://200.23.113.51/pdf/74.pdf
902 _bVíctor Ruiz/090623
942 _2lcc
_cLIBRO-E
999 _c7260
_d7260